Phỏng vần các tướng lĩnh Việt Nam : t. II /

Saved in:
Bibliographic Details
Main Author: Phan Hoàng
Format: Book (Paper)
Language:Vietnamese
Published: TP.HCM : Trẻ , 1998
Tags: Add Tag
No Tags, Be the first to tag this record!
Institutions: Thư viện Trường Đại học Đà Lạt
LEADER 00565nam a2200241 4500
001 DLU020010886
005 ##12/4/1999
041 # # |a vie 
082 # # |a 923.5  |b PH-H 
090 # # |a 923.5  |b PH-H 
100 # # |a Phan Hoàng 
245 # # |a Phỏng vần các tướng lĩnh Việt Nam :  |b t. II /  |c Phan Hoàng 
260 # # |a TP.HCM :  |b Trẻ ,  |c 1998 
300 # # |a 142 tr.;   |c 19 cm. 
992 # # |a 10500 
994 # # |a DLU 
900 # # |a False 
911 # # |a Administrator 
925 # # |a G 
926 # # |a A 
927 # # |a SH 
980 # # |a Thư viện Trường Đại học Đà Lạt